000 00270nam a2200109Ia 4500
008 220216s9999 xx 000 0 und d
245 0 _aDusting machinery for estate use
260 _bPlanters Bulletin
_c1958
300 _a82-87
650 _aDusting machine
942 _cJS
999 _c57435
_d57435